Nástin teorie ekonomického komplexu ve světové ekonomice

Gespeichert in:
Bibliographische Detailangaben
1. Verfasser: Tauchman, Josef
Format: Buch
Sprache:Tschechisch
Veröffentlicht: Praha Academia 1971
Tags: Tag hinzufügen
Keine Tags, Fügen Sie das erste Tag hinzu!

MARC

LEADER 00000nam a2200000 4500
001 c104652
005 20041019155132.6
041 0 |a cze 
044 |a CZ 
245 1 0 |a Nástin teorie ekonomického komplexu ve světové ekonomice  |c Josef Tauchman 
264 1 |a Praha  |b Academia  |c 1971 
300 |a 295 s. 
100 1 |a Tauchman, Josef